[Event "5eme LUCOPEN"]
[Site "Lille"]
[Date "2014.05.01"]
[Round "5"]
[White "Ladisic, Alex-Sacha"]
[Black "Valo, Veikko"]
[Result "0-1"]
[WhiteElo "2028"]
[BlackElo "1765"]
[PlyCount "88"]
[EventDate "2014.??.??"]

1. e4 g6 2. d4 Bg7 3. Nf3 d6 4. Bd3 Nf6 5. O-O O-O 6. Re1 Bg4 7. h3 Bxf3 8.
Qxf3 Nc6 9. c3 Nd7 10. Qe2 e5 11. d5 Ne7 12. c4 Nc5 13. Bc2 a5 14. Be3 b6 15.
Nc3 f5 16. f3 f4 17. Bf2 g5 18. Qd2 Ng6 19. b3 Nd7 20. a3 Nf6 21. b4 h5 22. c5
bxc5 23. bxc5 g4 24. hxg4 hxg4 25. Kf1 Qc8 26. Ke2 g3 27. Bg1 Kf7 28. Nb5 Ne8
29. Bd3 Rh8 30. cxd6 cxd6 31. Rac1 Qd8 32. Rc6 Rh1 33. Bb6 Rxe1+ 34. Qxe1 Qh4
35. Nxd6+ Nxd6 36. Rxd6 Qh2 37. Kf1 Nh4 38. Qe2 Rb8 39. Bg1 Bf8 40. Rc6 Bxa3
41. Rh6 Qh1 42. Qc2 Rb1+ 43. Qxb1 Qxg2+ 44. Ke1 Nxf3+ 0-1

[Event "5eme LUCOPEN"]
[Site "Lille"]
[Date "2014.05.02"]
[Round "6"]
[White "Castellanos Rodrigue, Renier"]
[Black "Bachmann, Axel"]
[Result "0-1"]
[WhiteElo "2474"]
[BlackElo "2598"]
[PlyCount "42"]
[EventDate "2014.??.??"]

1. e4 e5 2. Nf3 Nc6 3. Bb5 a6 4. Ba4 Nf6 5. d3 d6 6. c3 g6 7. O-O Bg7 8. Re1
O-O 9. Nbd2 Bd7 10. Nf1 Qe8 11. Bb3 Kh8 12. Bg5 h6 13. Bh4 Nh5 14. Ne3 f5 15.
exf5 gxf5 16. Nd5 Rc8 17. d4 Be6 18. dxe5 dxe5 19. Nb4 Nxb4 20. Nxe5 Bxb3 21.
Qxb3 Nc6 0-1

[Event "5eme LUCOPEN"]
[Site "Lille"]
[Date "2014.05.02"]
[Round "6"]
[White "Zhigalko, Andrey"]
[Black "Camacho Collados, Jose"]
[Result "1/2-1/2"]
[WhiteElo "2600"]
[BlackElo "2388"]
[PlyCount "78"]
[EventDate "2014.??.??"]

1. c4 Nf6 2. Nc3 c5 3. Nf3 d5 4. cxd5 Nxd5 5. g3 g6 6. d3 Bg7 7. Bd2 O-O 8. Bg2
Nc6 9. O-O Nc7 10. a3 Ne6 11. Rb1 a5 12. Re1 Bd7 13. e3 Rb8 14. Ne4 b5 15. Bc3
Bxc3 16. bxc3 b4 17. d4 cxd4 18. exd4 bxc3 19. Rxb8 Nxb8 20. d5 Ng7 21. Qc1 c2
22. h3 h5 23. Qxc2 Bf5 24. Qd2 Bxe4 25. Rxe4 Nf5 26. Ra4 Nd7 27. Rxa5 Nf6 28.
Ne5 Qb6 29. Qb4 Qxb4 30. axb4 Rb8 31. Nc6 Rb7 32. Ra6 Kg7 33. Kf1 Nd7 34. Nxe7
Rxb4 35. Nxf5+ gxf5 36. d6 Kf6 37. Bc6 Ne5 38. Bb5 f4 39. gxf4 Rxf4 1/2-1/2

[Event "5eme LUCOPEN"]
[Site "Lille"]
[Date "2014.05.02"]
[Round "6"]
[White "Petrosian, Suren"]
[Black "Smith, Axel"]
[Result "0-1"]
[WhiteElo "2374"]
[BlackElo "2478"]
[PlyCount "136"]
[EventDate "2014.??.??"]

1. Nf3 g6 2. e4 c5 3. d4 cxd4 4. Qxd4 Nf6 5. Bb5 Nc6 6. Bxc6 dxc6 7. Qxd8+ Kxd8
8. Nc3 Nd7 9. Bf4 f6 10. e5 g5 11. Bg3 g4 12. Nd4 Nxe5 13. O-O-O Ke8 14. Rhe1
Nc4 15. b3 Nb6 16. a4 e5 17. f4 gxf3 18. Nxf3 Bg4 19. Ne4 Be7 20. Nd6+ Bxd6 21.
Rxd6 Ke7 22. Rd4 Bxf3 23. gxf3 Kf7 24. Rh4 Rad8 25. f4 exf4 26. Bxf4 Rd4 27. c3
Rd3 28. Bd2 Nd7 29. Kc2 Rf3 30. Be3 a6 31. Rd1 Ne5 32. Bd4 Rf5 33. Be3 Ke6 34.
a5 h5 35. Rb4 Rh7 36. Bc5 Rg5 37. Rd2 Rg4 38. Bd4 h4 39. Re2 Rg5 40. Ra4 h3 41.
Bxe5 Rxe5 42. Rxe5+ fxe5 43. Kd3 Rd7+ 44. Ke3 Rd5 45. Rh4 Rxa5 46. b4 Ra1 47.
Rxh3 Kd5 48. Rh4 e4 49. Rh5+ Kc4 50. Rc5+ Kb3 51. h4 Re1+ 52. Kf4 Kc2 53. Re5
Kd3 54. Re7 Rf1+ 55. Kg3 e3 56. Rd7+ Kxc3 57. Re7 Kd2 58. Rd7+ Ke1 59. Rxb7 e2
60. Rd7 Rf8 61. Kg2 Rg8+ 62. Kh3 Rg1 63. Kh2 Rg4 64. Kh3 Rg1 65. Kh2 Rg4 66.
Kh3 Rxb4 67. h5 Kf2 68. Rf7+ Ke3 0-1

[Event "5eme LUCOPEN"]
[Site "Lille"]
[Date "2014.05.02"]
[Round "6"]
[White "Pancevski, Filip"]
[Black "Mouhamad, Joachin"]
[Result "1-0"]
[WhiteElo "2466"]
[BlackElo "2214"]
[PlyCount "105"]
[EventDate "2014.??.??"]

1. e4 d6 2. d4 Nf6 3. Bd3 e5 4. c3 Be7 5. Nf3 Nbd7 6. O-O O-O 7. Re1 Re8 8. Qc2
Bf8 9. Bg5 h6 10. Bh4 a6 11. a4 b6 12. Nbd2 g5 13. Bg3 Bg7 14. Rad1 Nh5 15. Bc4
Bb7 16. Nf1 exd4 17. Nxd4 Nc5 18. Bd5 Qd7 19. Bxb7 Nxb7 20. Ne3 Nxg3 21. hxg3
Nc5 22. Nd5 Nxa4 23. Nf5 Re6 24. Nxc7 Qxc7 25. Qxa4 b5 26. Qa2 Be5 27. Ne3 Qc5
28. Qd5 Rc8 29. Qb7 Qc6 30. Qxc6 Rxc6 31. Nd5 a5 32. f4 Bg7 33. f5 Re8 34. f6
Bf8 35. g4 Rc4 36. Rd4 Rxd4 37. cxd4 Rc8 38. Kf2 a4 39. Ke3 Rc4 40. Kd3 Kh7 41.
Re2 Rc8 42. Rc2 Rb8 43. Rc7 Kg6 44. Ra7 h5 45. gxh5+ Kxh5 46. Rxf7 Bh6 47. e5
dxe5 48. dxe5 b4 49. Ra7 a3 50. b3 Re8 51. Ke4 Kg6 52. Ne7+ Kf7 53. Kf5 1-0

[Event "5eme LUCOPEN"]
[Site "Lille"]
[Date "2014.05.02"]
[Round "6"]
[White "Dominguez Pons, Eric"]
[Black "Lie, Espen"]
[Result "1-0"]
[WhiteElo "2335"]
[BlackElo "2460"]
[PlyCount "99"]
[EventDate "2014.??.??"]

1. d4 Nf6 2. Bg5 Ne4 3. Bf4 d5 4. e3 c5 5. Nd2 Nf6 6. Ngf3 Nc6 7. c3 e6 8. Ne5
Qb6 9. Qb3 c4 10. Qc2 Nxe5 11. Bxe5 Bd6 12. Bxd6 Qxd6 13. e4 Qc6 14. e5 Nd7 15.
f4 b5 16. Be2 Nb6 17. O-O Bd7 18. Kh1 a6 19. Bg4 Nc8 20. f5 exf5 21. Bxf5 Bxf5
22. Rxf5 Qg6 23. Nf1 Ne7 24. Rf2 Qxc2 25. Rxc2 O-O 26. Rf2 a5 27. Ne3 b4 28.
Raf1 Rab8 29. g4 Rb6 30. Kg2 a4 31. Kg3 h6 32. h4 Rb5 33. g5 bxc3 34. bxc3 Rb6
35. Kg4 Rg6 36. Kh5 Rb6 37. Rf3 hxg5 38. hxg5 Rb2 39. e6 f5 40. gxf6 Rxf6 41.
Rxf6 gxf6 42. Rxf6 Rh2+ 43. Kg5 Rxa2 44. Ng4 Rg2 45. Rf7 Ng6 46. Ra7 Nf8 47.
Kf5 Re2 48. Nf6+ Kh8 49. e7 Rf2+ 50. Kg4 1-0

[Event "5eme LUCOPEN"]
[Site "Lille"]
[Date "2014.05.02"]
[Round "6"]
[White "Sargissyan, Sargis"]
[Black "Cawdery, Daniel"]
[Result "1/2-1/2"]
[WhiteElo "2283"]
[BlackElo "2395"]
[PlyCount "36"]
[EventDate "2014.??.??"]

1. e4 c5 2. Nf3 Nc6 3. d4 cxd4 4. Nxd4 Nf6 5. Nc3 e5 6. Ndb5 d6 7. Bg5 a6 8.
Na3 b5 9. Nd5 Be7 10. Bxf6 Bxf6 11. c3 O-O 12. Nc2 Rb8 13. h4 a5 14. b3 b4 15.
c4 Be7 16. g3 Be6 17. Bg2 Qd7 18. O-O Bd8 1/2-1/2

[Event "5eme LUCOPEN"]
[Site "Lille"]
[Date "2014.05.02"]
[Round "6"]
[White "Franck, Boris"]
[Black "Bailet, Pierre"]
[Result "0-1"]
[WhiteElo "2105"]
[BlackElo "2469"]
[PlyCount "100"]
[EventDate "2014.??.??"]

1. e4 c6 2. d4 d5 3. Nc3 dxe4 4. Nxe4 Bf5 5. Ng3 Bg6 6. h4 h6 7. Nf3 Nd7 8. h5
Bh7 9. Bd3 Bxd3 10. Qxd3 e6 11. Bf4 Qa5+ 12. Bd2 Bb4 13. c3 Be7 14. c4 Qc7 15.
O-O-O Ngf6 16. Ne4 Rd8 17. g3 b5 18. cxb5 cxb5+ 19. Kb1 Qb7 20. Nxf6+ Nxf6 21.
Ne5 O-O 22. f3 Qd5 23. Be3 Nd7 24. f4 Bf6 25. Qe2 Qe4+ 26. Ka1 Nb6 27. Qf3 Qxf3
28. Nxf3 Nc4 29. Bf2 Rd5 30. g4 Bd8 31. Rde1 Ba5 32. Re2 Rfd8 33. Kb1 Bc7 34.
Ne5 Bb6 35. Nf3 b4 36. Rc1 Nd6 37. Ne5 a5 38. Nc6 Rd7 39. Re5 Rc7 40. Rxd5 exd5
41. Bh4 f6 42. Nb8 Nc4 43. Rd1 Ba7 44. Na6 Re7 45. Nc5 Re2 46. b3 Na3+ 47. Ka1
Nb5 48. Re1 Rh2 49. Bg3 Rg2 50. Re3 Nc3 0-1

[Event "5eme LUCOPEN"]
[Site "Lille"]
[Date "2014.05.02"]
[Round "6"]
[White "Frederic, Clement"]
[Black "Neelotpal, Das"]
[Result "0-1"]
[WhiteElo "2237"]
[BlackElo "2428"]
[PlyCount "74"]
[EventDate "2014.??.??"]

1. e4 e6 2. d4 d5 3. e5 c5 4. c3 Qb6 5. Nf3 Nc6 6. a3 Nh6 7. b4 cxd4 8. cxd4
Nf5 9. Be3 Bd7 10. Bd3 Nxe3 11. fxe3 f6 12. exf6 gxf6 13. O-O Bh6 14. Re1 O-O-O
15. Nc3 Ne7 16. Kh1 Kb8 17. Qb3 Ng6 18. a4 Rc8 19. a5 Qd6 20. b5 Bf8 21. Reb1
f5 22. Na4 Bg7 23. Nc5 Rxc5 24. dxc5 Qxc5 25. Nd4 Rc8 26. Ra2 Bxd4 27. Rc2 Bc3
28. Rbc1 Qxe3 29. h3 Be5 30. Rxc8+ Bxc8 31. Qc2 Bd7 32. b6 a6 33. Be2 Qg3 34.
Kg1 Nh4 35. Bh5 Qh2+ 36. Kf1 Qh1+ 37. Ke2 Qxg2+ 0-1

[Event "5eme LUCOPEN"]
[Site "Lille"]
[Date "2014.05.02"]
[Round "6"]
[White "Janev, Evgeni"]
[Black "Huesmann, Thomas"]
[Result "1-0"]
[WhiteElo "2427"]
[BlackElo "2217"]
[PlyCount "99"]
[EventDate "2014.??.??"]

1. e4 e5 2. Nf3 Nc6 3. Bb5 a6 4. Bxc6 dxc6 5. Nc3 f6 6. d4 exd4 7. Nxd4 c5 8.
Nde2 Qxd1+ 9. Nxd1 Bd7 10. Bf4 O-O-O 11. Ne3 Bc6 12. f3 Ne7 13. h4 Ng6 14. Bg3
Bd6 15. Bxd6 Rxd6 16. Nf5 Rd7 17. Rd1 Rf7 18. Kf2 Ne7 19. Ne3 f5 20. exf5 Nxf5
21. Nxf5 Rxf5 22. Rhe1 Rhf8 23. Ng3 Rf4 24. h5 b6 25. Re6 R4f6 26. Rxf6 Rxf6
27. Re1 Kd8 28. Re5 Rf7 29. Ke3 Be8 30. Ne4 h6 31. g4 Bc6 32. f4 Rd7 33. Nf2
Ba4 34. b3 Bb5 35. c4 Bc6 36. Nd3 Re7 37. f5 a5 38. a4 Rd7 39. Re6 Bg2 40. Nf4
Bf1 41. f6 gxf6 42. Rxf6 Rd1 43. Rxh6 Rb1 44. Kf2 b5 45. axb5 a4 46. bxa4 Bxc4
47. Rc6 Rb4 48. Rxc5 Bxb5 49. axb5 Rxf4+ 50. Kg3 1-0

[Event "5eme LUCOPEN"]
[Site "Lille"]
[Date "2014.05.02"]
[Round "6"]
[White "Miedema, David"]
[Black "Soubirou, Oriane"]
[Result "1/2-1/2"]
[WhiteElo "2390"]
[BlackElo "2060"]
[PlyCount "88"]
[EventDate "2014.??.??"]

1. d4 Nf6 2. c4 g6 3. Nc3 Bg7 4. e4 d6 5. f3 O-O 6. Be3 b6 7. Bd3 c5 8. e5 Nc6
9. exf6 Bxf6 10. d5 Ne5 11. Be2 a6 12. f4 Nd7 13. Nf3 Bg7 14. O-O Nf6 15. Kh1
Bd7 16. a4 Rb8 17. Qd2 Qc7 18. Rae1 Rfe8 19. Bd3 b5 20. cxb5 axb5 21. Bxb5 Bxb5
22. Nxb5 Qb7 23. Rd1 Rec8 24. f5 Ra8 25. fxg6 hxg6 26. Nc3 Rcb8 27. Rf2 Qb3 28.
Re2 Ra7 29. Qc1 Rbb7 30. Bh6 Bh8 31. Qc2 Qb4 32. Bg5 Bg7 33. Bxf6 Bxf6 34. Nb5
Rxa4 35. Re4 c4 36. Nbd4 Ra2 37. Re2 Qc5 38. Qb1 Ra4 39. Qe4 Rab4 40. Nc6 Rxb2
41. Rxb2 Rxb2 42. Nxe7+ Kg7 43. Nc6 c3 44. Ncd4 c2 1/2-1/2

[Event "5eme LUCOPEN"]
[Site "Lille"]
[Date "2014.05.02"]
[Round "6"]
[White "Friess, Nicolas"]
[Black "Bourgeois, Florian"]
[Result "1-0"]
[WhiteElo "2350"]
[BlackElo "1986"]
[PlyCount "82"]
[EventDate "2014.??.??"]

1. d4 g6 2. e4 Bg7 3. c4 c5 4. d5 d6 5. Nc3 Nf6 6. Bd3 O-O 7. h3 e6 8. Nf3 exd5
9. cxd5 a6 10. a4 Nbd7 11. O-O Qc7 12. Re1 Rb8 13. Bf4 Nh5 14. Bh2 Be5 15. Nxe5
dxe5 16. Rc1 Qa5 17. Qb3 Re8 18. Bf1 Nb6 19. Qa3 Bd7 20. b3 Rec8 21. Kh1 f6 22.
f3 Rc7 23. Bg1 Ng3+ 24. Kh2 Nxf1+ 25. Rxf1 Rbc8 26. Rc2 Qb4 27. Nb1 Na8 28.
Rfc1 Kf7 29. Bxc5 Qxa3 30. Nxa3 b6 31. Bd6 Rxc2 32. Rxc2 Rxc2 33. Nxc2 Bc8 34.
Nb4 Bb7 35. g4 Ke8 36. g5 Kd7 37. Bf8 fxg5 38. Nd3 Ke8 39. Bh6 b5 40. a5 Nc7
41. Bxg5 Nxd5 1-0

[Event "5eme LUCOPEN"]
[Site "Lille"]
[Date "2014.05.02"]
[Round "6"]
[White "Grove, Michael"]
[Black "Vuilleumier, Alexandre"]
[Result "0-1"]
[WhiteElo "2071"]
[BlackElo "2335"]
[PlyCount "82"]
[EventDate "2014.??.??"]

1. e4 d6 2. d4 Nf6 3. Nc3 e5 4. Nf3 Nbd7 5. Bc4 Be7 6. O-O O-O 7. Bb3 c6 8. a4
exd4 9. Nxd4 Nc5 10. Re1 Nxb3 11. Nxb3 Re8 12. Qf3 Bg4 13. Qg3 Bh5 14. Bg5 Qd7
15. f3 Bg6 16. Qf2 Ng4 17. fxg4 Bxg5 18. h4 Bf6 19. Qf3 Bxh4 20. Re2 Bf6 21.
Rd1 Bxc3 22. bxc3 Qe7 23. Qf4 Rad8 24. Nd4 Qe5 25. Rf1 Qxf4 26. Rxf4 Re5 27.
Nf3 Rc5 28. e5 dxe5 29. Nxe5 Re8 30. Nd3 Rxe2 31. Nxc5 b6 32. Rd4 f5 33. Nd3
fxg4 34. Kf1 Re7 35. Rxg4 Re4 36. Rg5 Rxa4 37. Nb4 c5 38. Nc6 Bxc2 39. Rd5 Rf4+
40. Ke2 Be4 41. Rd8+ Rf8 0-1

[Event "5eme LUCOPEN"]
[Site "Lille"]
[Date "2014.05.02"]
[Round "6"]
[White "Aubry, Fabien"]
[Black "Sadikhov, Ulvi"]
[Result "0-1"]
[WhiteElo "1887"]
[BlackElo "2289"]
[PlyCount "72"]
[EventDate "2014.??.??"]

1. d4 d6 2. Nf3 g6 3. g3 Bg7 4. Bg2 Nd7 5. O-O e5 6. c4 Ne7 7. Nc3 O-O 8. e3 a6
9. a4 Nf5 10. a5 h6 11. b3 exd4 12. Nxd4 Ne7 13. Bb2 Rb8 14. Qc2 Ne5 15. h3 c5
16. Nde2 b6 17. Nf4 bxa5 18. Nfd5 Bf5 19. e4 Be6 20. Nxe7+ Qxe7 21. Nd5 Qd8 22.
Qc3 Nf3+ 23. Qxf3 Bxb2 24. Rad1 Bd4 25. Rd3 Kh7 26. Qe2 a4 27. bxa4 Qa5 28.
Rfd1 Qxa4 29. R3d2 Rb3 30. Ra2 Ra3 31. Rdd2 Rb8 32. Kh2 Rbb3 33. Rxa3 Rxa3 34.
Nf4 Bxc4 35. Qg4 Ra2 36. Rxa2 Qxa2 0-1

[Event "5eme LUCOPEN"]
[Site "Lille"]
[Date "2014.05.02"]
[Round "6"]
[White "Caloone, Thomas"]
[Black "Bannink, Bernard"]
[Result "0-1"]
[WhiteElo "1973"]
[BlackElo "2248"]
[PlyCount "112"]
[EventDate "2014.??.??"]

1. e4 c5 2. Nf3 e6 3. d4 cxd4 4. Nxd4 Nc6 5. Nc3 Qc7 6. Ndb5 Qb8 7. Be3 a6 8.
Nd4 Nf6 9. Be2 Bb4 10. f3 d5 11. O-O O-O 12. exd5 Bxc3 13. dxc6 Bxb2 14. Rb1
Nd5 15. cxb7 Bxb7 16. Qd3 Nxe3 17. Qxe3 Bxd4 18. Qxd4 Qc8 19. Bd3 a5 20. Rb6
Rd8 21. Qe3 Ba6 22. Bxa6 Rxa6 23. Rxa6 Qxa6 24. Rb1 h6 25. h3 Qc4 26. Rb2 a4
27. a3 g5 28. Qe5 Qd4+ 29. Qxd4 Rxd4 30. Kf2 Rd2+ 31. Kg3 Kg7 32. Rb4 Rxc2 33.
Rxa4 f5 34. h4 Ra2 35. hxg5 hxg5 36. Ra8 Kf7 37. Ra7+ Kf6 38. Ra8 Ke5 39. Ra5+
Kf6 40. Ra8 Rb2 41. a4 Ra2 42. a5 Ra3 43. a6 g4 44. a7 Ke5 45. Kf2 gxf3 46.
gxf3 Kf4 47. Re8 Ra2+ 48. Kg1 Rxa7 49. Rxe6 Kxf3 50. Re1 f4 51. Kf1 Kg3 52. Re8
Ra1+ 53. Ke2 f3+ 54. Kd2 f2 55. Rg8+ Kh4 56. Rh8+ Kg5 0-1

[Event "5eme LUCOPEN"]
[Site "Lille"]
[Date "2014.05.02"]
[Round "6"]
[White "Jimenez, Martin"]
[Black "Skomorokhin, Roman"]
[Result "0-1"]
[WhiteElo "1932"]
[BlackElo "2384"]
[PlyCount "50"]
[EventDate "2014.??.??"]

1. d4 Nf6 2. Nf3 c5 3. e3 g6 4. b3 Bg7 5. Bb2 O-O 6. Be2 cxd4 7. exd4 d5 8. O-O
Nc6 9. c4 b6 10. Nc3 Bb7 11. Re1 Rc8 12. Rc1 dxc4 13. d5 Nxd5 14. Nxd5 Bxb2 15.
Rc2 Bg7 16. Rd2 c3 17. Nf6+ Bxf6 18. Rxd8 Rfxd8 19. Qc1 Nb4 20. a3 Nd3 21. Bxd3
Rxd3 22. Ne5 Bxe5 23. Rxe5 c2 24. Re1 Bd5 25. f3 Bxb3 0-1

[Event "5eme LUCOPEN"]
[Site "Lille"]
[Date "2014.05.02"]
[Round "6"]
[White "Silvain, Thierry"]
[Black "Guedon, Stephane"]
[Result "0-1"]
[WhiteElo "1931"]
[BlackElo "2210"]
[PlyCount "92"]
[EventDate "2014.??.??"]

1. e4 c5 2. c3 d5 3. exd5 Qxd5 4. d4 Nf6 5. Nf3 Bg4 6. Be2 e6 7. O-O Nc6 8. Na3
cxd4 9. Nb5 Rc8 10. Nbxd4 Nxd4 11. Nxd4 Bxe2 12. Qxe2 Be7 13. Rd1 a6 14. Be3
O-O 15. Nb3 Qc6 16. Bg5 h6 17. Bh4 Rfd8 18. Rd4 Rxd4 19. Nxd4 Qd5 20. a3 Rd8
21. Re1 Bc5 22. Bxf6 gxf6 23. Nf3 Qd3 24. g3 Kg7 25. Kg2 a5 26. Qxd3 Rxd3 27.
Re2 Kf8 28. Rd2 Rxd2 29. Nxd2 f5 30. b4 axb4 31. cxb4 Bd4 32. f4 Ke7 33. Nf3
Bb2 34. a4 Kd6 35. a5 Kc6 36. Ne1 Kb5 37. Nd3 Bd4 38. Kf3 Kc4 39. Ke2 f6 40. h3
e5 41. g4 fxg4 42. hxg4 exf4 43. Nxf4 Kxb4 44. Kd3 Bb2 45. Kc2 Be5 46. Nd5+
Kxa5 0-1

[Event "5eme LUCOPEN"]
[Site "Lille"]
[Date "2014.05.02"]
[Round "6"]
[White "Jehan, Julien"]
[Black "Veys, Vincent"]
[Result "1/2-1/2"]
[WhiteElo "1901"]
[BlackElo "2201"]
[PlyCount "69"]
[EventDate "2014.??.??"]

1. d4 d5 2. Nf3 Nf6 3. c4 c6 4. Qc2 dxc4 5. Qxc4 g6 6. Nc3 Bg7 7. e4 O-O 8. Be2
Nfd7 9. Be3 e5 10. d5 Nb6 11. Qb3 N8d7 12. dxc6 bxc6 13. O-O Qe7 14. Rac1 Rb8
15. Qc2 f5 16. Na4 f4 17. Bc5 Nxc5 18. Qxc5 Qf6 19. Nxb6 Rxb6 20. Rfd1 Rxb2 21.
Bc4+ Kh8 22. Bb3 g5 23. Rd6 Qe7 24. Qxc6 g4 25. Nd2 g3 26. hxg3 fxg3 27. fxg3
Bg4 28. Qc7 Qg5 29. Qc3 Rxd2 30. Qxd2 Qxd2 31. Rxd2 Bh6 32. Rdc2 Be3+ 33. Kh2
Rf6 34. Rc6 Be6 35. Rxe6 1/2-1/2

[Event "5eme LUCOPEN"]
[Site "Lille"]
[Date "2014.05.02"]
[Round "6"]
[White "Pourrahnama, Amir"]
[Black "Laine, Panu"]
[Result "0-1"]
[WhiteElo "1848"]
[BlackElo "2177"]
[PlyCount "58"]
[EventDate "2014.??.??"]

1. d4 Nf6 2. c4 e6 3. Nc3 Bb4 4. Qc2 O-O 5. a3 Bxc3+ 6. Qxc3 b5 7. cxb5 c6 8.
bxc6 Nxc6 9. Nf3 Ba6 10. e3 Ne4 11. Qc2 Bxf1 12. Kxf1 f5 13. g3 Qa5 14. Rb1 Qd5
15. Rg1 Rfc8 16. Qd1 Rab8 17. Bd2 Qa2 18. Kg2 Rxb2 19. Rxb2 Qxb2 20. Be1 Ne7
21. Ne5 Nd5 22. Qf3 d6 23. Nd3 Qxa3 24. Nf4 Nxf4+ 25. gxf4 Rc2 26. Kh1 Qa2 27.
Qh5 Nf6 28. Qh4 Qd5+ 29. Rg2 Rc1 0-1

[Event "5eme LUCOPEN"]
[Site "Lille"]
[Date "2014.05.02"]
[Round "6"]
[White "Burgnies, Stephane"]
[Black "Ramez, Jean-Simon"]
[Result "1-0"]
[WhiteElo "2170"]
[BlackElo "1907"]
[PlyCount "61"]
[EventDate "2014.??.??"]

1. e3 e5 2. Nf3 Nc6 3. e4 Nf6 4. d3 Bc5 5. Be2 d6 6. c3 a6 7. O-O O-O 8. Nbd2
d5 9. Qc2 Qe7 10. b4 Ba7 11. Nb3 Rd8 12. a4 b5 13. axb5 axb5 14. Be3 d4 15.
cxd4 Nxb4 16. Qb1 exd4 17. Bxd4 Nc6 18. Bc5 Qe8 19. Rc1 Bd7 20. Bxa7 Nxa7 21.
Rxc7 Nc6 22. h3 Rxa1 23. Qxa1 Ra8 24. Qc1 Ra2 25. Bf1 Ne5 26. Nxe5 Qxe5 27. Qc5
Qb2 28. e5 Qxb3 29. exf6 Qe6 30. Qg5 g6 31. Rxd7 1-0

[Event "5eme LUCOPEN"]
[Site "Lille"]
[Date "2014.05.02"]
[Round "6"]
[White "Scherrer, Gilles"]
[Black "Rouze, Xavier"]
[Result "0-1"]
[WhiteElo "1855"]
[BlackElo "2084"]
[PlyCount "142"]
[EventDate "2014.??.??"]

1. e4 d6 2. Nc3 Nf6 3. d4 Nbd7 4. Be2 e5 5. Nf3 c6 6. h3 Be7 7. Be3 b5 8. Bd3
O-O 9. O-O Qc7 10. Ne2 c5 11. c3 exd4 12. cxd4 c4 13. Bc2 Bb7 14. Nd2 Rfe8 15.
f3 Bf8 16. Bf4 Qb6 17. Kh1 g6 18. Re1 Bg7 19. Nf1 Nf8 20. Be3 Qd8 21. Qd2 Nh5
22. Nfg3 Nxg3+ 23. Nxg3 Qh4 24. Kh2 Qe7 25. Rad1 a5 26. a3 Rec8 27. Ne2 d5 28.
e5 b4 29. axb4 axb4 30. Ra1 Ne6 31. Ra4 Bf8 32. Rea1 Qe8 33. Rxa8 Rxa8 34. Rxa8
Qxa8 35. Bb1 Qa1 36. Qc1 Ba6 37. Bc2 Qa2 38. Bb1 Qa4 39. Bc2 Qb5 40. Bd1 Qb6
41. Qd2 Bb5 42. Nf4 Nxf4 43. Bxf4 Bd7 44. g4 Qa7 45. Kg3 Qa2 46. Qc2 b3 47. Qc3
Qa4 48. Bd2 Qa1 49. Qc1 Qxc1 50. Bxc1 Bb4 51. Kf2 Ba4 52. Ke3 c3 53. Be2 g5 54.
f4 gxf4+ 55. Kxf4 h6 56. Bf3 Ba3 57. Bxd5 cxb2 58. Bxb2 Bxb2 59. Kf5 Bxd4 60.
Kf6 b2 61. Bxf7+ Kf8 62. Bg6 Bd1 63. Bf5 Bf3 64. Kg6 Be3 65. e6 Ke7 66. Kh5 Bd5
67. Kh4 Bxe6 68. Be4 Bf4 69. Kh5 Bf7+ 70. Kh4 Ba2 71. Kh5 Kf6 0-1

[Event "5eme LUCOPEN"]
[Site "Lille"]
[Date "2014.05.02"]
[Round "6"]
[White "Dumas, Victor"]
[Black "Warkentin, Jurgen"]
[Result "1-0"]
[WhiteElo "2082"]
[BlackElo "1878"]
[PlyCount "63"]
[EventDate "2014.??.??"]

1. e4 b6 2. d4 Bb7 3. Bd3 e6 4. Nc3 Ne7 5. Bg5 d6 6. Nge2 Nd7 7. O-O g6 8. f4
Bg7 9. f5 exf5 10. exf5 f6 11. Bh4 g5 12. Bf2 O-O 13. Ng3 d5 14. Re1 c5 15. Bf1
cxd4 16. Nb5 Ne5 17. Nxd4 Bc8 18. c3 Bd7 19. Qb3 Qc8 20. Rad1 Kh8 21. Bd3 Nxd3
22. Rxd3 Bxf5 23. Ngxf5 Nxf5 24. Ne6 Re8 25. Qxd5 Ne7 26. Qd7 Nf5 27. Qxc8
Raxc8 28. Rd7 Rc6 29. Nxg7 Rxe1+ 30. Bxe1 Rd6 31. Rxd6 Nxd6 32. Ne6 1-0

[Event "5eme LUCOPEN"]
[Site "Lille"]
[Date "2014.05.02"]
[Round "6"]
[White "Viaene, Jan"]
[Black "Noordhoek, Henk"]
[Result "0-1"]
[WhiteElo "1832"]
[BlackElo "2048"]
[PlyCount "45"]
[EventDate "2014.??.??"]

1. e4 Nf6 2. e5 Nd5 3. d4 d6 4. Bc4 c6 5. Ne2 Bf5 6. O-O e6 7. Bb3 dxe5 8. dxe5
Bc5 9. Ng3 Bg6 10. Nd2 Nd7 11. Nde4 O-O 12. Nxc5 Nxc5 13. c4 Nb4 14. Qf3 Qc7
15. Bf4 Nbd3 16. Qe3 Nxf4 17. Qxc5 Nd3 18. Qe3 Qxe5 19. Qxe5 Nxe5 20. Rfd1 Rfd8
21. Ne2 Bd3 22. f4 Bxc4 23. Bc2 0-1

[Event "5eme LUCOPEN"]
[Site "Lille"]
[Date "2014.05.02"]
[Round "6"]
[White "Deketelaere, Francky"]
[Black "Malassagne, Isabelle"]
[Result "0-1"]
[WhiteElo "1814"]
[BlackElo "2045"]
[PlyCount "90"]
[EventDate "2014.??.??"]

1. d4 d5 2. Nf3 Nf6 3. e3 Bf5 4. c4 c6 5. cxd5 cxd5 6. Bd3 Bg6 7. O-O Nc6 8. a3
e6 9. Nc3 a6 10. b4 b5 11. Bb2 Bd6 12. Rc1 Qb6 13. Qe2 O-O 14. Rc2 Rac8 15.
Rfc1 Bh5 16. Nb1 Ne4 17. Nbd2 f5 18. Qf1 Qb7 19. Be2 Bg6 20. Nb3 f4 21. Bd3
fxe3 22. fxe3 Bh5 23. Na5 Nxa5 24. Rxc8 Rxc8 25. Rxc8+ Qxc8 26. bxa5 Qd8 27.
Qe1 Bxf3 28. gxf3 Qg5+ 29. Kh1 Qh5 30. f4 Qf3+ 31. Kg1 Nf6 32. Qf2 Qh3 33. Bc1
Bc7 34. Bd2 Kf7 35. Qg2 Qh5 36. Qe2 Ng4 37. Qg2 Nh6 38. Qe2 Qh4 39. Be1 Qh3 40.
Bd2 Bd6 41. Bb4 Bb8 42. Bd2 Nf5 43. Qg2 Qh5 44. Be2 Qh4 45. Bd3 Nxe3 0-1

[Event "5eme LUCOPEN"]
[Site "Lille"]
[Date "2014.05.02"]
[Round "6"]
[White "Van Der Merwe, Cecile H"]
[Black "Verriere, Nicolas"]
[Result "1-0"]
[WhiteElo "2038"]
[BlackElo "1844"]
[PlyCount "51"]
[EventDate "2014.??.??"]

1. e4 c5 2. Nf3 d6 3. d4 cxd4 4. Qxd4 Nc6 5. Bb5 Bd7 6. Qd3 Nf6 7. c4 a6 8.
Bxc6 bxc6 9. O-O g6 10. Rd1 Qc7 11. Bf4 Nh5 12. Bg5 Bg7 13. Nc3 h6 14. Be3 O-O
15. c5 Qb7 16. cxd6 exd6 17. Bd4 Nf4 18. Qd2 Bxd4 19. Nxd4 g5 20. Nb3 Be6 21.
Qxd6 Bxb3 22. axb3 Qxb3 23. Qxh6 Ne6 24. Rd3 Qxb2 25. Rb1 Qc2 26. Rh3 1-0

[Event "5eme LUCOPEN"]
[Site "Lille"]
[Date "2014.05.02"]
[Round "6"]
[White "Haussernot, Cecile"]
[Black "Valo, Veikko"]
[Result "1-0"]
[WhiteElo "2003"]
[BlackElo "1765"]
[PlyCount "27"]
[EventDate "2014.??.??"]

1. e4 g6 2. d4 Bg7 3. Nc3 d6 4. f4 Nf6 5. Nf3 O-O 6. Bd3 Bg4 7. Be3 c6 8. h3
Bxf3 9. Qxf3 Qa5 10. O-O-O b5 11. Kb1 b4 12. Ne2 Nbd7 13. g4 c5 14. e5 1-0

[Event "5eme LUCOPEN"]
[Site "Lille"]
[Date "2014.05.02"]
[Round "6"]
[White "Perche, Louis"]
[Black "Stas, Arnould"]
[Result "1-0"]
[WhiteElo "1734"]
[BlackElo "1995"]
[PlyCount "117"]
[EventDate "2014.??.??"]

1. e4 c5 2. Nf3 d6 3. d4 cxd4 4. Nxd4 Nf6 5. Nc3 g6 6. Be3 Bg7 7. f3 Nc6 8. Qd2
O-O 9. Bc4 Bd7 10. O-O-O Rc8 11. Bb3 Ne5 12. h4 Nc4 13. Bxc4 Rxc4 14. Kb1 Qb8
15. g4 Rfc8 16. h5 b5 17. hxg6 fxg6 18. Qh2 Rxc3 19. bxc3 b4 20. cxb4 Qxb4+ 21.
Nb3 a5 22. Qd2 Qa3 23. Qc1 Qb4 24. Bd2 Qb5 25. Bxa5 Be6 26. Qd2 Rb8 27. Bc3 Ra8
28. Qc1 Rc8 29. Qb2 Rxc3 30. Qxc3 Nxe4 31. Qd3 Nc3+ 32. Kc1 Nxa2+ 33. Kd2 Qb4+
34. Ke3 Nc3 35. Kf2 Bc4 36. Qe3 Nxd1+ 37. Rxd1 e6 38. Qe4 Qb6+ 39. Kg2 Bd5 40.
Qe2 Qb7 41. Nd4 Qb4 42. Qb5 Qxb5 43. Nxb5 Be5 44. Nxd6 Bxd6 45. c4 Bxc4 46.
Rxd6 g5 47. Rd7 Bd5 48. Kg3 Kh8 49. f4 gxf4+ 50. Kxf4 Bb3 51. Kg5 e5 52. Kh6
Bg8 53. Re7 e4 54. Rxe4 Bb3 55. Re7 Bg8 56. g5 Bb3 57. Rxh7+ Kg8 58. g6 Bc4 59.
Rc7 1-0

[Event "5eme LUCOPEN"]
[Site "Lille"]
[Date "2014.05.02"]
[Round "6"]
[White "Dijkhuis, Sven"]
[Black "Andriamandimbisoa, Mathieu"]
[Result "1-0"]
[WhiteElo "1993"]
[BlackElo "1697"]
[PlyCount "81"]
[EventDate "2014.??.??"]

1. e4 e6 2. d4 d5 3. Nd2 c5 4. exd5 exd5 5. dxc5 Bxc5 6. Nb3 Bd6 7. Nf3 Nc6 8.
Bd3 Nge7 9. O-O h6 10. c3 O-O 11. Nbd4 a6 12. Be3 Bg4 13. Qd2 Qd7 14. h3 Nxd4
15. Nxd4 Bh5 16. Ne2 Qc7 17. Nf4 Bxf4 18. Bxf4 Qc6 19. Bc2 Bg6 20. Bb3 Bf5 21.
Rad1 Be6 22. Rfe1 Rad8 23. Bc2 Nf5 24. g4 Nh4 25. Qd3 f5 26. Bg3 g5 27. Bxh4
gxh4 28. Re5 Rd7 29. gxf5 Rg7+ 30. Kh1 d4+ 31. Qe4 Bd7 32. Rxd4 Qb6 33. Qe2 Qf6
34. Rxd7 Rxd7 35. Re6 Qd8 36. Rg6+ Rg7 37. Bb3+ Kh8 38. Rxh6+ Rh7 39. Rxh7+
Kxh7 40. Qh5+ Kg7 41. Qg6+ 1-0